[Event "ROU-chT 1st League 2019"]
[Site "Mamaia"]
[Date "2019.09.27"]
[Round "7.15"]
[White "Grigore, George-Gabriel"]
[Black "Barzanu, Iulian"]
[Result "1/2-1/2"]
[WhiteElo "2491"]
[BlackElo "2187"]
[Annotator "ChessBase"]
[PlyCount "82"]
[EventDate "2019.09.21"]
[EventType "team-tourn"]
[EventCountry "ROU"]
[SourceTitle "playchess.com"]
[Source "ChessBase"]
[SourceQuality "1"]
[TimeControl "40/5400+30:1800+30"]

1. d4 {[%emt 0:00:00]} d5 {[%emt 0:05:22]} 2. c4 {[%emt 0:00:00]} dxc4 {[%emt 0:00:37]} 3. Nf3 {[%emt 0:00:08]} Nf6 {[%emt 0:00:13]} 4. e3 {[%emt 0:00:06]} e6 {[%emt 0:00:18]} 5. Bxc4 {[%emt 0:00:07]} c5 {[%emt 0:00:36]} 6. O-O {[%emt 0:00:13]} a6 {[%emt 0:00:53]} 7. dxc5 {[%emt 0:07:12]} Qxd1 {[%emt 0:02:33]} 8. Rxd1 {[%emt 0:00:15]} Bxc5 {[%emt 0:00:56]} 9. Nbd2 {[%emt 0:00:14]} Nc6 {[%emt 0:40:26]} 10. Be2 {[%emt 0:07:26]} O-O {[%emt 0:04:18]} 11. Ne1 {[%emt 0:09:04]} Rd8 {[%emt 0:02:18]} 12. Nd3 {[%emt 0:02:54]} Bd6 {[%emt 0:11:24]} 13. Nc4 {[%emt 0:03:07]} Bc7 {[%emt 0:01:03]} 14. Bf3 {[%emt 0:07:33]} Rb8 {[%emt 0:02:24]} 15. Bxc6 {[%emt 0:04:35]} bxc6 {[%emt 0:00:13]} 16. b3 {[%emt 0:00:08]} Ne4 {[%emt 0:06:15]} 17. Bb2 {[%emt 0:00:53]} f6 {[%emt 0:00:07]} 18. Rac1 {[%emt 0:04:54]} Rb5 {[%emt 0:09:19]} 19. f3 {[%emt 0:10:42]} Nc5 {[%emt 0:00:11]} 20. Nf2 {[%emt 0:06:00]} Rxd1+ {[%emt 0:00:12]} 21. Rxd1 {[%emt 0:00:06]} Nb7 {[%emt 0:00:15]} 22. e4 {[%emt 0:03:02]} Kf7 {[%emt 0:03:31]} 23. Bc3 {[%emt 0:03:03]} a5 {[%emt 0:02:46]} 24. Nd3 {[%emt 0:08:57]} Ke7 {[%emt 0:00:51]} 25. Nc1 {[%emt 0:07:47]} Rh5 {[%emt 0:00:09]} 26. h3 {[%emt 0:00:48]} Nd6 {[%emt 0:00:29]} 27. Bxa5 {[%emt 0:06:24]} Rxa5 {[%emt 0:03:11]} 28. Rxd6 {[%emt 0:00:13]} Rxa2 {[%emt 0:02:29]} 29. Rxc6 {[%emt 0:01:08]} Ra7 {[%emt 0:00:19]} 30. Nb6 {[%emt 0:02:24]} Bd7 {[%emt 0:00:17]} 31. Nxd7 {[%emt 0:00:39]} Kxd7 {[%emt 0:00:02]} 32. Rc2 {[%emt 0:00:23]} Ra1 {[%emt 0:00:28]} 33. Kf2 {[%emt 0:00:25]} Rb1 {[%emt 0:00:45]} 34. Ke2 {[%emt 0:00:52]} Bd6 {[%emt 0:01:11]} 35. Kd3 {[%emt 0:02:35]} Ba3 {[%emt 0:00:25]} 36. Ne2 {[%emt 0:00:28]} Rxb3+ {[%emt 0:00:08]} 37. Rc3 {[%emt 0:00:13]} Rxc3+ {[%emt 0:00:25]} 38. Kxc3 {[%emt 0:00:07]} Bc5 {[%emt 0:00:57]} 39. Kc4 {[%emt 0:00:21]} Be3 {[%emt 0:00:15]} 40. Kd3 {[%emt 0:00:00]} Bb6 {[%emt 0:00:00]} 41. Kc4 {[%emt 0:01:05]} Be3 {[%emt 0:02:52]} 1/2-1/2

[Event "ROU-chT 1st League 2019"]
[Site "Mamaia"]
[Date "2019.09.27"]
[Round "7.16"]
[White "Prodileanu, Adrian"]
[Black "Manea, Alexandru"]
[Result "1/2-1/2"]
[WhiteElo "2236"]
[BlackElo "2305"]
[Annotator "TA"]
[PlyCount "32"]
[EventDate "2019.09.21"]
[EventType "team-tourn"]
[EventCountry "ROU"]
[SourceTitle "playchess.com"]
[Source "ChessBase"]
[SourceQuality "1"]

{[%evp 16,32,22,0,34,30,49,47,64,44,62,62,62,62,64,57,60,39,103]} 1. c4 Nf6 2. g3 c6 3. Nf3 d5 4. Bg2 g6 5. b3 Bg7 6. Bb2 O-O 7. O-O Nbd7 8. Qc2 Re8 9. Nc3 a6 {A11: English Opening: 1...c6} 10. d4 b6 $146 ({Predecessor:} 10... Nf8 11. Rfd1 Bf5 12. Qc1 Ne4 13. Nxe4 Bxe4 14. Ne1 Bxg2 15. Kxg2 Nd7 16. Nd3 e6 17. Qc2 {½-½ (30) Arun Prasad,S (2522)-Gopal,G (2572) Aurangabad 2011}) 11. Ne5 {White is slightly better.} Bb7 12. e4 Nxe5 13. dxe5 Nxe4 14. Nxe4 dxe4 15. Rad1 Qc7 16. Qxe4 f5 (16... Rab8 $14) 1/2-1/2

[Event "ROU-chT 1st League 2019"]
[Site "Mamaia"]
[Date "2019.09.27"]
[Round "7.17"]
[White "Szabo, Attila"]
[Black "Micu, Iulian"]
[Result "1/2-1/2"]
[WhiteElo "2239"]
[BlackElo "2165"]
[Annotator "NA"]
[PlyCount "45"]
[EventDate "2019.09.21"]
[EventType "team-tourn"]
[EventCountry "ROU"]
[SourceTitle "playchess.com"]
[Source "ChessBase"]
[SourceQuality "1"]
[TimeControl "40/5400+30:1800+30"]

1. c4 {[%emt 0:00:00]} Nf6 {[%emt 0:00:00]} 2. Nc3 {[%emt 0:00:00]} g6 {[%emt 0:00:07]} 3. d4 {[%emt 0:00:31]} Bg7 {[%emt 0:00:21]} 4. e4 {[%emt 0:00:27]} d6 {[%emt 0:00:11]} 5. f3 {[%emt 0:02:59]} O-O {[%emt 0:05:53]} 6. Be3 {[%emt 0:00:05]} e5 {[%emt 0:02:46]} 7. Nge2 {[%emt 0:02:50]} c6 {[%emt 0:04:36]} 8. d5 {[%emt 0:04:54]} a6 {[%emt 0:04:30]} 9. Nc1 {[%emt 0:17:38]} cxd5 {[%emt 0:01:17]} 10. cxd5 {[%emt 0:00:23]} Nh5 {[%emt 0:02:18]} 11. Qd2 {[%emt 0:07:09]} f5 {[%emt 0:03:48]} 12. Bd3 {[%emt 0:04:58]} Nd7 {[%emt 0:06:03]} 13. N1e2 {[%emt 0:06:18]} b6 {[%emt 0:07:41]} 14. O-O {[%emt 0:09:15]} f4 {[%emt 0:00:20]} 15. Bf2 {[%emt 0:00:04]} g5 {[%emt 0:00:30]} 16. b4 {[%emt 0:01:09]} Nhf6 {[%emt 0:04:24]} 17. g4 {[%emt 0:06:17]} h5 {[%emt 0:16:42]} 18. h3 {[%emt 0:02:17]} Rf7 {[%emt 0:00:26]} 19. Rac1 {[%emt 0:02:37]} Nf8 {[%emt 0:00:23]} 20. Na4 {[%emt 0:22:25]} hxg4 {[%emt 0:02:32]} 21. hxg4 {[%emt 0:00:51]} Rb8 {[%emt 0:07:03]} 22. Rc6 {[%emt 0:00:39]} Bd7 {[%emt 0:00:14]} 23. Bxa6 1/2-1/2

[Event "ROU-chT 1st League 2019"]
[Site "Mamaia"]
[Date "2019.09.27"]
[Round "7.18"]
[White "Jiroveanu, George"]
[Black "Vasiesiu, Victor"]
[Result "1-0"]
[WhiteElo "2241"]
[BlackElo "2251"]
[Annotator "NA"]
[PlyCount "101"]
[EventDate "2019.09.21"]
[EventType "team-tourn"]
[EventCountry "ROU"]
[SourceTitle "playchess.com"]
[Source "ChessBase"]
[SourceQuality "1"]
[TimeControl "40/5400+30:1800+30"]

1. e4 {[%emt 0:00:00]} c5 {[%emt 0:00:00]} 2. Nc3 {[%emt 0:00:00]} Nc6 {[%emt 0:00:06]} 3. g3 {[%emt 0:00:00]} g6 {[%emt 0:00:16]} 4. Bg2 {[%emt 0:00:16]} Bg7 {[%emt 0:00:04]} 5. Nge2 {[%emt 0:00:30]} d6 {[%emt 0:01:27]} 6. d3 {[%emt 0:01:23]} e6 {[%emt 0:00:08]} 7. O-O {[%emt 0:00:16]} Nge7 {[%emt 0:00:02]} 8. Be3 {[%emt 0:00:30]} Nd4 {[%emt 0:00:05]} 9. Qd2 {[%emt 0:00:31]} O-O {[%emt 0:00:23]} 10. Rab1 {[%emt 0:00:58]} Bd7 {[%emt 0:03:28]} 11. b4 {[%emt 0:12:44]} Rb8 {[%emt 0:05:03]} 12. f4 {[%emt 0:19:37]} b6 {[%emt 0:10:04]} 13. Bf2 {[%emt 0:03:58]} a5 {[%emt 0:25:10]} 14. Nxd4 {[%emt 0:05:20]} axb4 {[%emt 0:06:52]} 15. Nce2 {[%emt 0:00:28]} cxd4 {[%emt 0:00:08]} 16. Qxb4 {[%emt 0:00:58]} e5 {[%emt 0:04:33]} 17. Qxd6 {[%emt 0:00:33]} Bg4 {[%emt 0:03:03]} 18. Qxd8 {[%emt 0:03:33]} Rfxd8 19. Rfe1 {[%emt 0:00:52]} f6 {[%emt 0:03:45]} 20. fxe5 {[%emt 0:05:47]} fxe5 {[%emt 0:00:07]} 21. c4 {[%emt 0:00:17]} Nc6 {[%emt 0:03:57]} 22. h3 {[%emt 0:01:14]} Be6 {[%emt 0:00:16]} 23. Rb2 {[%emt 0:01:01]} Bf8 {[%emt 0:00:21]} 24. Reb1 {[%emt 0:01:19]} Bc5 {[%emt 0:00:09]} 25. Nc1 {[%emt 0:01:22]} Ra8 {[%emt 0:00:26]} 26. Be1 {[%emt 0:01:28]} Ra3 {[%emt 0:01:48]} 27. Rb3 {[%emt 0:03:01]} Ra7 {[%emt 0:07:17]} 28. Rb5 {[%emt 0:04:29]} Ra6 {[%emt 0:05:22]} 29. Kf1 {[%emt 0:06:26]} Kf7 {[%emt 0:01:50]} 30. Bd2 {[%emt 0:07:30]} Ke8 {[%emt 0:00:53]} 31. Ke2 {[%emt 0:02:32]} Rd7 {[%emt 0:00:10]} 32. R5b2 {[%emt 0:01:02]} Rf7 {[%emt 0:00:58]} 33. Nb3 {[%emt 0:00:38]} Ba3 {[%emt 0:00:52]} 34. Rc2 {[%emt 0:00:14]} Nb4 {[%emt 0:00:53]} 35. Bxb4 {[%emt 0:00:07]} Bxb4 {[%emt 0:00:03]} 36. Nxd4 {[%emt 0:02:02]} Rf2+ {[%emt 0:03:55]} 37. Kxf2 {[%emt 0:00:25]} Bc5 {[%emt 0:00:04]} 38. Bf3 {[%emt 0:01:25]} Bxd4+ {[%emt 0:01:17]} 39. Kg2 {[%emt 0:05:18]} Ke7 {[%emt 0:00:46]} 40. Bg4 {[%emt 0:00:00]} Bxg4 {[%emt 0:00:00]} 41. hxg4 {[%emt 0:01:15]} Kf6 {[%emt 0:00:30]} 42. Rb3 {[%emt 0:01:54]} Kg5 {[%emt 0:00:10]} 43. a3 {[%emt 0:02:40]} Kxg4 {[%emt 0:00:32]} 44. Ra2 {[%emt 0:00:10]} Ra7 {[%emt 0:01:33]} 45. a4 {[%emt 0:00:11]} Rf7 {[%emt 0:00:14]} 46. Rb5 {[%emt 0:06:08]} Rf3 {[%emt 0:01:02]} 47. Kh2 {[%emt 0:00:16]} Rxd3 {[%emt 0:03:08]} 48. a5 {[%emt 0:12:26]} bxa5 {[%emt 0:00:03]} 49. Rc2 {[%emt 0:00:04]} a4 {[%emt 0:19:13]} 50. c5 {[%emt 0:00:18]} Rb3 {[%emt 0:00:18]} 51. c6 {[%emt 0:01:07]} 1-0

[Event "ROU-chT 1st League 2019"]
[Site "Mamaia"]
[Date "2019.09.27"]
[Round "7.19"]
[White "Kozak, Adam"]
[Black "Macovei, Andrei"]
[Result "1/2-1/2"]
[WhiteElo "2512"]
[BlackElo "2426"]
[Annotator "TA"]
[PlyCount "143"]
[EventDate "2019.09.21"]
[EventType "team-tourn"]
[EventCountry "ROU"]
[SourceTitle "playchess.com"]
[Source "ChessBase"]
[SourceQuality "1"]

{[%evp 16,143,6,25,12,12,13,16,22,20,16,18,18,19,19,19,19,19,18,18,19,19,17,0,16,8,124,128,184,182,188,151,237,109,99,69,89,80,108,94,114,114,207,206,205,157,195,177,284,295,420,74,84,85,89,78,89,86,79,79,258,167,154,85,150,146,142,117,90,99,134,24,22,24,17,20,25,25,25,25,25,21,45,35,45,37,88,22,46,47,21,0,91,0,53,0,6,0,0,0,0,0,0,0,95,0,0,0,91,0,48,0,0,0,0,0,0,0,0,0,0,0,0,-2,-2,-2,-2,-8,-8,-8]} 1. Nf3 Nf6 2. c4 e6 3. g3 d5 4. Bg2 Be7 5. O-O O-O 6. d4 dxc4 7. Qc2 a6 8. a4 c5 9. dxc5 Bxc5 {E05: Open Catalan: 5 Nf3 Be7} 10. Nbd2 (10. Qxc4 b6 11. Ne5 Ra7 12. Nd3 Be7 13. Bf4 Bb7 14. Bxb7 Rxb7 15. Rc1 Nd5 16. Be5 Bd6 17. Nd2 Bxe5 18. Nxe5 {½-½ (40) Ding,L (2805)-So,W (2776) Saint Louis 2019}) 10... b5 11. Ng5 Ra7 12. Nde4 Nxe4 $1 13. Nxe4 Bd4 14. Ng5 $40 {[%csl Gg5][%cal Rc2h7][%mdl 128] White has some attack.} g6 $1 15. axb5 axb5 16. Rxa7 Bxa7 17. b3 Bd4 18. bxc4 bxc4 19. Qxc4 $146 ({Predecessor:} 19. Ne4 Qc7 20. Bf4 Be5 21. Bxe5 Qxe5 22. Qxc4 Bb7 23. Rd1 {½-½ (23) Korogodski,L (2277)-Acosta,J (2139) ICCF email 2017}) 19... Ba6 20. Qa2 Bg7 (20... Qb6 $11) 21. Bf4 $16 Bb5 (21... Bc8 $16) 22. Rb1 $18 Qd7 23. Qb3 Ba4 (23... e5 $16) 24. Qa3 (24. Qc4 $1 $18 {and the rest is easy.}) 24... e5 $16 {White must now prevent ...Bc2.} 25. Be3 Bc6 $1 26. Ne4 {And now Qxf8+! would win.} Qf5 27. Qb4 h6 28. Qc4 Bxe4 (28... Qd7 $16 {was called for.}) 29. Bxe4 $18 ({Don't do} 29. Qxe4 $6 Qxe4 30. Bxe4 Nd7 $16) 29... Qc8 30. Qb3 Kh7 31. Bd5 f5 (31... Qf5 {keeps fighting.} 32. Qa2 Nd7) 32. Rc1 Qd7 (32... Qa6 $142 33. Rc7 Rd8) 33. Ra1 $2 (33. Be6 $18 {is the precise move to win.} Qd8 34. Rc8) 33... Nc6 $16 34. Qb5 Nb8 35. Qc4 {Strongly threatening Ra7.} Rc8 36. Qb3 Rd8 37. Be6 Qe8 $2 (37... Qd6 $16) 38. Bf7 Qc6 39. Bb6 (39. Rc1 $142 Qf6 40. Bb6) 39... Rf8 (39... Rc8 $142) 40. Bd5 Qd6 41. Rc1 Nd7 42. Rc6 Qb8 43. Be6 (43. Bf7 $16) 43... Nxb6 $11 44. Rxb6 Qd8 45. Bd5 Qe7 46. Kg2 h5 47. Qc4 e4 48. h4 Qe8 49. e3 Qe7 50. Rb7 (50. Qc6 {looks sharper.} Rf6 51. Be6 Kh6 52. Qd5 Bf8 53. Qe5) 50... Qe5 (50... Qd6 $1 $14) 51. Bf7 (51. Rd7 $1 $16) 51... Qd6 52. Rc7 Qf6 53. Bd5 Qe5 {[#]} (53... Rd8 $11) 54. Rc6 ({White should play} 54. Rd7 $1 $16) 54... Qe7 (54... Rd8 $11 55. Rc5 Qa1) 55. Re6 Qd7 56. Bc6 Qc8 57. Rd6 Rd8 58. Re6 Rf8 59. Re7 {Threatens to win with Qd4.} Qd8 (59... Rf6 $11 60. Re8 Qc7) 60. Qe6 ({But not} 60. Rd7 Qf6 $11) ({White should try} 60. Qc5 $16 Kh6 61. Qa7) 60... Kh6 $1 61. Bd7 Qb8 {[#]} (61... Bf6 $11 {remains equal.} 62. Re8 Rxe8 63. Bxe8 Qe7) 62. Re8 (62. Be8 $1 $16 {[%csl Ge8][%cal Re6g6]} Bf6 63. Qc6) 62... Qb4 63. Bc6 Qc3 {...Rf6 is the strong threat.The position is equal.} 64. Rxf8 Bxf8 65. Be8 {[%csl Ge8][%cal Re6g6]} Qg7 66. Kg1 Qa1+ 67. Kh2 {[%csl Ge8][%cal Re6g6]} Qg7 68. Kg2 Kh7 69. g4 fxg4 70. Qxe4 Qf6 71. Qf4 Qxf4 72. exf4 {Accuracy: White = 51%, Black = 43%.} 1/2-1/2

[Event "ROU-chT 1st League 2019"]
[Site "Mamaia"]
[Date "2019.09.27"]
[Round "7.20"]
[White "Schitco, Ivan"]
[Black "Gavrilescu, David"]
[Result "0-1"]
[WhiteElo "2492"]
[BlackElo "2451"]
[Annotator "TA"]
[PlyCount "78"]
[EventDate "2019.09.21"]
[EventType "team-tourn"]
[EventCountry "ROU"]
[SourceTitle "playchess.com"]
[Source "ChessBase"]
[SourceQuality "1"]

{[%evp 10,92,12,13,18,25,22,0,12,-9,7,-11,-23,-27,-30,-24,-19,-13,-10,-35,-18,-60,-30,-81,-75,-79,-55,-81,-75,-93,-89,-97,-73,-77,-66,-120,-99,-126,-114,-121,-129,-200,-193,-184,-201,-197,-198,-191,-100,-99,-82,-88,-91,-95,-84,-81,-73,-151,-143,-150,-140,-143,-131,-381,-360,-426,-441,-457,-450,-448,-445,-575,-565,-605,-581,-614,-671,-641,-637,-912,-912,-912,-908,-866,-847]} 1. c4 e6 2. g3 d5 3. Bg2 d4 4. Nf3 Nf6 5. O-O c5 6. e3 Nc6 {A13: English Opening: 1...e6} 7. exd4 cxd4 8. Re1 (8. d3 Bd6 9. Na3 O-O 10. Nc2 e5 11. b4 a6 12. c5 Bc7 13. a4 e4 14. dxe4 d3 15. Nce1 Nxb4 16. Ba3 {½-½ (35) Anton Guijarro,D (2678)-Wang,H (2725) Changsha 2019}) 8... Bd6 {The position is equal.} 9. d3 h6 10. Na3 O-O 11. Nc2 a5 {[%cal Ba7a5,Ba5a4,Ba4b3][%mdl 32]} 12. a3 e5 $36 {[%mdl 2048] Black is pushing.} 13. Rb1 a4 14. b4 axb3 15. Nb4 $146 ({Predecessor:} 15. Rxb3 Re8 16. Nd2 {0-1 (41) Hausner,I (2370)-Delchev,A (2571) Bayerisch Eisenstein 2019}) 15... Re8 16. Nxc6 (16. Qxb3 $11 {remains equal.} Nd7 17. Nd2) 16... bxc6 $17 17. Nd2 b2 18. Bxb2 Bd7 19. Qc1 Qa5 20. c5 Bf8 ({Not} 20... Bxc5 $2 21. Nb3 $18) 21. Qc2 Qc7 22. Re2 ({Better is} 22. a4 $15) 22... Ra5 23. Nc4 Rxc5 24. Rbe1 Qb8 25. f4 (25. Qd2 $17) 25... exf4 $19 26. Rxe8 Bxe8 ({Don't play} 26... Nxe8 27. Bxd4 fxg3 28. Bxc5 $17) 27. Bxd4 fxg3 28. hxg3 Qxg3 (28... Rg5 $19 29. Qd2 Bd7) 29. Qf2 $17 Qxf2+ 30. Bxf2 Rg5 31. a4 Bd7 {...Bh3 is the strong threat.} 32. Be3 Rg4 33. d4 ({White should try} 33. a5 Nd5 34. Ne5 Nxe3 35. Rxe3) 33... Nd5 34. Ne5 Bb4 35. Re2 Nxe3 36. Nxg4 $2 {[#]} (36. Rxe3 $17 {was forced.} Rxd4 37. Nxd7 Rxd7 38. Re8+ Kh7 39. Bxc6) 36... Nxg4 $19 ({Worse is} 36... Bxg4 37. Rxe3 c5 38. Bh3 $14) 37. Bf3 g5 {Black is clearly winning.} 38. Ra2 Ba5 39. Rb2 f5 {Played: Ba5-c3} 0-1

[Event "ROU-chT 1st League 2019"]
[Site "Mamaia"]
[Date "2019.09.27"]
[Round "7.21"]
[White "Carmaciu, Lucian-Catalin"]
[Black "Vrencian, Lehel"]
[Result "1-0"]
[WhiteElo "2375"]
[BlackElo "2306"]
[Annotator "TA"]
[PlyCount "91"]
[EventDate "2019.09.21"]
[EventType "team-tourn"]
[EventCountry "ROU"]
[SourceTitle "playchess.com"]
[Source "ChessBase"]
[SourceQuality "1"]

{[%evp 9,97,-2,0,-6,0,0,7,2,7,7,7,1,0,-20,1,-14,2,-2,8,18,24,34,29,19,32,29,29,28,34,23,22,22,21,27,26,28,36,24,36,0,0,0,0,0,0,0,0,-18,7,0,0,0,0,0,151,-24,-19,-19,36,29,36,0,0,0,0,0,237,59,135,94,1245,1162,960,520,476,387,380,354,554,524,951,663,1699,1728,1609,1057,1004,447,436,435]} 1. e4 d6 2. d4 Nf6 3. Nd2 e5 4. Ngf3 exd4 5. Nxd4 g6 6. g3 {B07: Pirc Defence: Miscellaneous Systems} (6. Bd3 Bg7 7. O-O O-O 8. Re1 Re8 9. N2f3 Nbd7 10. Bg5 h6 11. Bh4 Nc5 12. Nb3 Nxd3 13. cxd3 {1-0 (47) Skomorokhin,V (2342)-Zablotsky,S (2525) Sochi 2015}) 6... Bg7 7. Bg2 Bg4 $146 ({Predecessor:} 7... O-O 8. O-O Re8 9. Re1 Nbd7 10. N4b3 Nb6 11. Na5 d5 12. exd5 Rxe1+ 13. Qxe1 Nbxd5 14. Ndc4 c6 15. Bg5 h6 16. Bxf6 Bxf6 17. Rd1 Qf8 18. f3 Rb8 19. Ne3 {½-½ (19) Mariotti,S (2295)-Wuttke,H (2171) Dresden 2013}) 8. f3 {The position is equal.} Bd7 9. O-O O-O 10. N2b3 Re8 11. Re1 Qc8 12. c4 a5 13. a4 Na6 14. Bd2 Nb4 15. Bc3 b6 16. Qd2 c6 17. Nc2 Nxc2 18. Qxc2 Be6 19. Bf1 Qc7 20. Nd4 Bc8 21. Rad1 Bb7 22. b3 Rad8 23. Qb2 Nd7 24. Re2 Nc5 25. Bg2 Qc8 26. f4 d5 27. cxd5 cxd5 28. exd5 Qg4 29. Rxe8+ Rxe8 30. Nf3 Bf8 $1 31. Be5 f6 $2 (31... Ne4 $11) 32. Bd4 $2 ({Only move:} 32. Bxf6 $16 {Black must now prevent Qc1.} Re3 33. Rf1) 32... Bxd5 $11 {[%mdl 64] Double Attack} 33. h3 $1 {[%cal Rh3g4]} Qc8 (33... Qe6 $11) 34. Bxf6 $14 Bxb3 35. Rc1 Qe6 {Strongly threatening ...Nd3.} 36. Ng5 Qe3+ 37. Kh2 {aiming for Rc3.} h6 $2 ({But not} 37... Nxa4 $2 {[#]} 38. Rc7 $3 $18 {[%mdl 512]}) (37... Qe2 $11 {and Black stays safe.} 38. Qd4 h6) 38. Bd4 $2 (38. Rc3 $18 Qe2 39. Qb1 (39. Rxb3 hxg5 40. Rxb6 gxf4 $16)) 38... Qe2 (38... Qd3 $1 $14 39. Bxc5 Re2) 39. Qb1 $40 {[%mdl 128] White has strong attack.} Bf7 $2 {[%mdl 8192]} (39... Qd3 $16) 40. Nxf7 $18 Kxf7 41. Qxb6 {Threatening mate with Qf6+.} Ne6 42. Be5 Rd8 43. Bc3 {And now Re1! would win.} Bc5 (43... Rd1 $142) 44. Qb7+ {White is clearly winning.} Kf8 {[#] Now ...Rd1 and Black clings on.} 45. Re1 $1 Qf2 46. Qh7 {Played: Qb7-e4} 1-0

[Event "ROU-chT 1st League 2019"]
[Site "Mamaia"]
[Date "2019.09.27"]
[Round "7.22"]
[White "Nastase, Robert-Paul"]
[Black "Pisu, Robert-Daniel"]
[Result "1-0"]
[WhiteElo "2280"]
[BlackElo "2244"]
[Annotator "NA"]
[PlyCount "131"]
[EventDate "2019.09.21"]
[EventType "team-tourn"]
[EventCountry "ROU"]
[SourceTitle "playchess.com"]
[Source "ChessBase"]
[SourceQuality "1"]
[TimeControl "40/5400+30:1800+30"]

1. e4 {[%emt 0:00:00]} c5 {[%emt 0:00:00]} 2. Nf3 {[%emt 0:00:00]} e6 {[%emt 0:00:00]} 3. d4 {[%emt 0:00:00]} cxd4 {[%emt 0:00:00]} 4. Nxd4 {[%emt 0:00:00]} Nc6 {[%emt 0:00:00]} 5. Nb5 {[%emt 0:00:00]} d6 {[%emt 0:00:09]} 6. c4 {[%emt 0:00:00]} Nf6 {[%emt 0:00:26]} 7. N5c3 {[%emt 0:00:00]} Be7 {[%emt 0:00:37]} 8. g3 {[%emt 0:00:09]} h5 {[%emt 0:00:18]} 9. h3 {[%emt 0:00:04]} h4 {[%emt 0:00:17]} 10. g4 {[%emt 0:00:03]} Nd7 {[%emt 0:00:11]} 11. Be2 {[%emt 0:00:50]} g5 {[%emt 0:05:37]} 12. Be3 {[%emt 0:00:06]} b6 {[%emt 0:00:55]} 13. Na3 {[%emt 0:00:42]} a6 {[%emt 0:03:23]} 14. Qd2 {[%emt 0:00:41]} Bb7 {[%emt 0:01:59]} 15. O-O-O {[%emt 0:02:55]} Nce5 {[%emt 0:08:16]} 16. Rhf1 {[%emt 0:00:35]} Nc5 {[%emt 0:05:30]} 17. f3 {[%emt 0:00:35]} Ng6 {[%emt 0:09:43]} 18. Kb1 {[%emt 0:00:05]} Rc8 {[%emt 0:03:29]} 19. Nc2 {[%emt 0:02:56]} O-O {[%emt 0:13:48]} 20. Rf2 {[%emt 0:10:25]} e5 {[%emt 0:23:14]} 21. Nb4 {[%emt 0:01:58]} Nf4 {[%emt 0:00:40]} 22. Bxf4 {[%emt 0:00:51]} gxf4 {[%emt 0:00:08]} 23. Nbd5 {[%emt 0:00:44]} Bg5 {[%emt 0:00:38]} 24. Bf1 {[%emt 0:00:26]} Ne6 {[%emt 0:02:51]} 25. Na4 {[%emt 0:01:22]} Bxd5 {[%emt 0:02:22]} 26. cxd5 {[%emt 0:01:55]} Nd4 {[%emt 0:03:16]} 27. Bxa6 {[%emt 0:04:54]} Rc2 {[%emt 0:00:39]} 28. Qxc2 {[%emt 0:00:03]} Nxc2 {[%emt 0:00:05]} 29. Rxc2 {[%emt 0:00:12]} Qa8 {[%emt 0:01:36]} 30. Bb5 {[%emt 0:00:05]} Qa5 {[%emt 0:00:56]} 31. Nc3 {[%emt 0:00:11]} Rb8 {[%emt 0:02:13]} 32. a3 {[%emt 0:00:29]} Kg7 {[%emt 0:01:49]} 33. Ka2 {[%emt 0:00:05]} Be7 {[%emt 0:00:58]} 34. b4 {[%emt 0:00:58]} Qa7 {[%emt 0:00:06]} 35. Kb3 {[%emt 0:00:06]} Rc8 {[%emt 0:03:00]} 36. Rdc1 {[%emt 0:00:12]} Bd8 {[%emt 0:03:44]} 37. Na4 {[%emt 0:00:11]} Rxc2 {[%emt 0:00:18]} 38. Rxc2 {[%emt 0:00:08]} Qe7 {[%emt 0:00:22]} 39. Rc6 {[%emt 0:02:00]} f5 {[%emt 0:03:47]} 40. gxf5 {[%emt 0:00:00]} Qg5 {[%emt 0:00:00]} 41. Rxd6 {[%emt 0:00:15]} Bf6 {[%emt 0:01:55]} 42. Nc3 {[%emt 0:10:27]} Qg2 {[%emt 0:07:46]} 43. a4 {[%emt 0:00:29]} Qxh3 {[%emt 0:03:11]} 44. a5 {[%emt 0:00:06]} bxa5 {[%emt 0:02:30]} 45. bxa5 {[%emt 0:00:04]} Qh1 {[%emt 0:01:31]} 46. Rd7+ {[%emt 0:00:31]} Kh6 {[%emt 0:01:30]} 47. a6 {[%emt 0:02:30]} Qa1 {[%emt 0:01:19]} 48. a7 {[%emt 0:04:40]} Qa5 {[%emt 0:01:09]} 49. Bc6 {[%emt 0:00:26]} h3 {[%emt 0:00:25]} 50. a8=Q {[%emt 0:00:40]} Qxa8 {[%emt 0:00:05]} 51. Bxa8 {[%emt 0:00:04]} h2 {[%emt 0:00:06]} 52. Rf7 {[%emt 0:00:18]} Bh4 {[%emt 0:01:59]} 53. d6 {[%emt 0:10:19]} h1=Q {[%emt 0:00:34]} 54. Rf8 {[%emt 0:03:16]} Kg7 {[%emt 0:01:10]} 55. Rc8 {[%emt 0:00:14]} Qxf3 {[%emt 0:00:59]} 56. Rc7+ {[%emt 0:03:04]} Kh6 {[%emt 0:01:17]} 57. d7 {[%emt 0:00:58]} Qd3 {[%emt 0:03:59]} 58. Bd5 {[%emt 0:00:18]} f3 {[%emt 0:00:57]} 59. f6 {[%emt 0:00:16]} f2 {[%emt 0:08:18]} 60. d8=Q {[%emt 0:00:11]} f1=Q {[%emt 0:00:12]} 61. Qh8+ {[%emt 0:01:50]} Kg5 {[%emt 0:00:07]} 62. Rg7+ {[%emt 0:00:11]} Kf4 {[%emt 0:00:07]} 63. Qxh4+ {[%emt 0:00:06]} Ke3 {[%emt 0:00:20]} 64. Rg3+ {[%emt 0:01:14]} Kd4 {[%emt 0:00:40]} 65. Rxd3+ {[%emt 0:00:09]} Qxd3 {[%emt 0:00:03]} 66. Qf2+ {[%emt 0:00:27]} 1-0